[Event "Minsk op"]
[Site "Minsk"]
[Date "2022.08.05"]
[Round "3"]
[White "Trifonov, Denis"]
[Black "Lazavik, Denis"]
[Result "0-1"]
[WhiteElo "2188"]
[BlackElo "2515"]
[PlyCount "58"]
[EventDate "2022.08.03"]
[EventType "swiss"]
[EventRounds "9"]
[EventCountry "BLR"]
[SourceTitle "CBM 209 Extra"]
[Source "ChessBase"]
[SourceDate "2022.09.30"]
[SourceVersion "1"]
[SourceVersionDate "2022.09.30"]
[SourceQuality "1"]

1. e4 c5 2. Nc3 e6 3. d4 cxd4 4. Qxd4 Nc6 5. Qd3 Nf6 6. Bf4 Bb4 7. 0-0-0 0-0 8. Nb5 d5 9. exd5 Nxd5 10. Qg3 Qe7 11. Bh6 Qf6 12. Bg5 Qe5 13. Qxe5 Nxe5 14. c4 a6 15. cxd5 axb5 16. a3 Bc5 17. Bxb5 f6 18. Bf4 exd5 19. Bxe5 fxe5 20. Rxd5 Bxf2 21. Rxe5 Bd4 22. Re4 Bf6 23. g4 b6 24. Bc6 Ra5 25. Rc4 Be6 26. Rc2 Bg5+ 27. Kd1 Bb3 28. Be4 Rd8+ 29. Ke2 Bxc2 0-1

[Event "Minsk rapid op3"]
[Site "Minsk"]
[Date "2018.06.29"]
[Round "7"]
[White "Pankratov, Oleg"]
[Black "Trifonov, Denis"]
[Result "1/2-1/2"]
[WhiteElo "2294"]
[BlackElo "2231"]
[PlyCount "191"]
[EventDate "2018.06.29"]
[EventType "swiss (rapid)"]
[EventRounds "9"]
[EventCountry "BLR"]
[SourceTitle "EXT 2021"]
[Source "ChessBase"]
[SourceDate "2020.10.23"]
[SourceVersion "1"]
[SourceVersionDate "2020.10.23"]
[SourceQuality "1"]

1. Nf3 d6 2. d4 Nd7 3. e4 e5 4. Nc3 Ngf6 5. Bc4 Be7 6. 0-0 0-0 7. Re1 c6 8. a4 a5 9. h3 Qc7 10. Be3 h6 11. Ba2 Re8 12. Qd2 Bf8 13. Rad1 b6 14. d5 Nc5 15. Bxc5 bxc5 16. dxc6 Qxc6 17. Nd5 Nh7 18. Nc3 Be6 19. Bd5 Bxd5 20. Nxd5 Ra7 21. b3 c4 22. Qe3 Rb7 23. Qc3 Rc8 24. Qxa5 cxb3 25. cxb3 Rxb3 26. Ra1 Rb2 27. Qa7 Ra8 28. Qc7 Qxc7 29. Nxc7 Ra5 30. Nd5 f5 31. Nc3 fxe4 32. Rxe4 Nf6 33. Rc4 d5 34. Rc8 d4 35. Nd1 Rb4 36. Kf1 Kf7 37. g4 Bd6 38. Rc6 Ke6 39. Nd2 Kd5 40. Rc8 Raxa4 41. Rxa4 Rxa4 42. Rd8 Ra2 43. Nf3 Ke6 44. g5 hxg5 45. Nxg5+ Ke7 46. Rc8 e4 47. Rc4 Be5 48. h4 Rd2 49. Ke1 Ra2 50. Rb4 e3 51. Rb7+ Ke8 52. fxe3 d3 53. Rb3 Bg3+ 54. Kf1 d2 55. Nf3 Ne4 56. Ke2 Rc2 57. h5 Rc1 58. Nxd2 Rc2 59. Rd3 Be5 60. Rd5 Bc7 61. Rd4 Ng3+ 62. Kd3 Ra2 63. Rd5 Bb6 64. Nc4 Ra1 65. Nc3 Bc7 66. Nd6+ Ke7 67. Nf5+ Nxf5 68. Rxf5 Ke6 69. e4 Ra3 70. Rg5 Be5 71. Kc4 Ra1 72. Rg6+ Kd7 73. h6 gxh6 74. Rxh6 Rc1 75. Kd3 Rd1+ 76. Ke3 Re1+ 77. Kf3 Rf1+ 78. Kg4 Bd6 79. Nd5 Rf4+ 80. Kg5 Kc6 81. Rh7 Be5 82. Kg6 Bc7 83. Nxc7 Rf2 84. Rh2 Re2 85. Kf7 Kd6 86. Rf2 Ke5 87. Rf1 Re1 88. Ne6 Rxf1+ 89. Ke7 Re1 90. Kd7 Rc1 91. Nd4 Re1 92. Kc6 Rb1 93. Kc5 Rb6 94. Nc6+ Rxc6+ 95. Kxc6 Kf6 96. Kd6 1/2-1/2

[Event "Minsk rapid op3"]
[Site "Minsk"]
[Date "2018.06.29"]
[Round "8"]
[White "Trifonov, Denis"]
[Black "Savitski, Andrei"]
[Result "1/2-1/2"]
[WhiteElo "2231"]
[BlackElo "2215"]
[PlyCount "191"]
[EventDate "2018.06.29"]
[EventType "swiss (rapid)"]
[EventRounds "9"]
[EventCountry "BLR"]
[SourceTitle "EXT 2021"]
[Source "ChessBase"]
[SourceDate "2020.10.23"]
[SourceVersion "1"]
[SourceVersionDate "2020.10.23"]
[SourceQuality "1"]

1. d4 d5 2. Bf4 Nf6 3. e3 Bg4 4. Nf3 e6 5. Nbd2 Be7 6. Bd3 0-0 7. h3 Bh5 8. 0-0 c5 9. c3 Nc6 10. Re1 Rc8 11. Qb1 cxd4 12. exd4 Bg6 13. Bxg6 hxg6 14. Qd3 a6 15. Ne5 b5 16. a3 Nd7 17. Ndf3 Ndxe5 18. Bxe5 Qb6 19. Re2 a5 20. b4 Nd8 21. Nd2 a4 22. Re3 Nb7 23. Rae1 Rc6 24. Qe2 Rfc8 25. Qf3 Bd6 26. Qg3 Bxe5 27. dxe5 Qc7 28. Nb1 Rc4 29. f4 Nd8 30. Rf1 Qb6 31. Kh2 R4c6 32. Nd2 Qc7 33. Nb1 Qe7 34. Rff3 R6c7 35. Qg4 Nc6 36. Rd3 Qe8 37. Rg3 Ne7 38. Rgf3 Nf5 39. h4 Rc4 40. Nd2 R4c6 41. h5 gxh5 42. Qxh5 g6 43. Qg4 Qe7 44. Rh3 Kg7 45. Nf1 Rc4 46. Ne3 Rxc3 47. Nxd5 Rxd3 48. Nxe7 Rxh3+ 49. gxh3 Rc2+ 50. Kh1 Nxe7 51. Qg5 Nd5 52. f5 exf5 53. Qd8 Rc1+ 54. Kh2 Rc2+ 55. Kg1 Rc1+ 56. Kf2 Nf4 57. Qf6+ Kg8 58. Qd8+ Kg7 59. Qe8 Rc2+ 60. Kf3 Ne6 61. Qxb5 Rc3+ 62. Kf2 Rxa3 63. Qc4 Rxh3 64. b5 a3 65. b6 a2 66. Qa6 Rb3 67. b7 Rb2+ 68. Kf3 Rxb7 69. Qxa2 Rd7 70. Qa1 g5 71. Qb1 g4+ 72. Kf2 Kg6 73. Qb8 Kg5 74. Qh8 Kf4 75. Qh6+ Kxe5 76. Qe3+ Kf6 77. Qh6+ Ke7 78. Qh7 Rd5 79. Ke3 Re5+ 80. Kd3 Rd5+ 81. Ke3 Re5+ 82. Kd3 Rd5+ 83. Ke3 Re5+ 84. Kd3 Kf6 85. Qh6+ Ke7 86. Qh7 Rc5 87. Qh8 Rd5+ 88. Ke3 Rd8 89. Qh4+ Kd6 90. Qh7 Ke5 91. Qxf7 f4+ 92. Ke2 f3+ 93. Ke3 Rf8 94. Qh5+ Rf5 95. Qxg4 f2 96. Qxf5+ 1/2-1/2

[Event "EU-ch rapid"]
[Site "Minsk"]
[Date "2015.12.19"]
[Round "3"]
[White "Gunina, Valentina"]
[Black "Trifonov, Denis"]
[Result "1-0"]
[WhiteElo "2502"]
[BlackElo "2198"]
[PlyCount "73"]
[EventDate "2015.12.19"]
[EventType "swiss (rapid)"]
[EventRounds "11"]
[EventCountry "BLR"]
[SourceTitle "EXT 2017"]
[Source "ChessBase"]
[SourceDate "2016.10.25"]
[SourceVersion "1"]
[SourceVersionDate "2016.10.25"]
[SourceQuality "1"]

1. d4 d5 2. c4 dxc4 3. Nf3 Nf6 4. e3 e6 5. Bxc4 c5 6. 0-0 a6 7. Qe2 b5 8. Bb3 Bb7 9. Rd1 Nc6 10. Nc3 Qc7 11. d5 exd5 12. Nxd5 Nxd5 13. Bxd5 Be7 14. a4 c4 15. axb5 axb5 16. Rxa8+ Bxa8 17. b3 c3 18. Qxb5 0-0 19. Qc4 Bf6 20. Nd4 Rd8 21. Nb5 Qd7 22. Nxc3 Na5 23. Qd3 Qc8 24. Bb2 Nxb3 25. e4 Na5 26. h3 Qb8 27. Qe2 Bxd5 28. exd5 Re8 29. Qc2 Nc4 30. Ba1 Qf4 31. Ne2 Qe4 32. Qxe4 Rxe4 33. Ng3 Rf4 34. d6 Bd8 35. Re1 Nxd6 36. Be5 Ba5 37. Ra1 1-0

[Event "Jastrzebskie op"]
[Site "Ustron"]
[Date "2013.08.25"]
[Round "2"]
[White "Trifonov, Denis"]
[Black "Dobrotka, Martin"]
[Result "1/2-1/2"]
[WhiteElo "2253"]
[BlackElo "2222"]
[PlyCount "93"]
[EventDate "2013.08.25"]
[EventType "swiss"]
[EventRounds "7"]
[EventCountry "POL"]
[SourceTitle "CBM 156 Extra"]
[Source "ChessBase"]
[SourceDate "2013.10.22"]
[SourceVersion "1"]
[SourceVersionDate "2013.10.22"]
[SourceQuality "1"]

1. d4 d6 2. Nf3 Nf6 3. Bg5 Nbd7 4. Nc3 h6 5. Bh4 c6 6. Qd2 d5 7. e3 e6 8. Bd3 Be7 9. Bxf6 Nxf6 10. 0-0 0-0 11. e4 Bb4 12. exd5 exd5 13. a3 Bxc3 14. Qxc3 Bg4 15. Ne5 Qc8 16. Qb4 Rb8 17. Rfe1 Bf5 18. Re3 Bxd3 19. Nxd3 b6 20. b3 a5 21. Qe1 Re8 22. f3 Qc7 23. b4 a4 24. Re5 b5 25. Qg3 Rxe5 26. Nxe5 Re8 27. Re1 Nd7 28. Nxd7 Rxe1+ 29. Qxe1 Qxd7 30. Qe5 f6 31. Qb8+ Kh7 32. Qf4 Qe6 33. Kf2 Kg6 34. Qd2 Qd6 35. Qd3+ Kf7 36. g3 Qe6 37. Qc3 Qh3 38. Kg1 Qe6 39. Qd2 Qf5 40. Kg2 h5 41. h3 g5 42. g4 hxg4 43. hxg4 Qe6 44. Kf1 Qd6 45. Kg2 Qe6 46. Kf1 Qd6 47. Kg2 1/2-1/2

[Event "Minsk op"]
[Site "Minsk"]
[Date "2013.07.17"]
[Round "5"]
[White "Ter Sahakyan, Samvel"]
[Black "Trifonov, Denis"]
[Result "1/2-1/2"]
[WhiteElo "2582"]
[BlackElo "2271"]
[PlyCount "104"]
[EventDate "2013.07.13"]
[EventType "swiss"]
[EventRounds "9"]
[EventCountry "BLR"]
[SourceTitle "CBM 155 Extra"]
[Source "ChessBase"]
[SourceDate "2013.08.26"]
[SourceVersion "1"]
[SourceVersionDate "2013.08.26"]
[SourceQuality "1"]

1. e4 e5 2. Nf3 Nc6 3. Bb5 a6 4. Ba4 Nf6 5. 0-0 Be7 6. Re1 b5 7. Bb3 d6 8. c3 0-0 9. d4 Bg4 10. Be3 Bh5 11. Nbd2 Na5 12. Bc2 c5 13. dxe5 dxe5 14. h3 Qc7 15. Qe2 Nd7 16. b3 Nc6 17. Nf1 b4 18. cxb4 Nxb4 19. Bb1 Rfc8 20. Ng3 Bxf3 21. Qxf3 g6 22. Rc1 Nf8 23. Ne2 Ne6 24. a3 Nc6 25. Nc3 Ned4 26. Qd1 Rab8 27. Ba2 Qd6 28. Nd5 Bf8 29. Rab1 a5 30. Rc4 Ne7 31. Nc3 Rc6 32. Na4 Qc7 33. Qe1 Nc8 34. Bd2 Nd6 35. Rcc1 N6b5 36. Bxa5 Qa7 37. Rb2 Nxa3 38. Bc3 Nab5 39. Bd2 Rbc8 40. Qd1 Ra6 41. Bb1 c4 42. Rxc4 Rxc4 43. bxc4 Nd6 44. Ra2 Nxc4 45. Bd3 Nb2 46. Rxb2 Rxa4 47. Kh1 Ne6 48. Qe2 Bc5 49. Bh6 Bf8 50. Be3 Bc5 51. Bh6 Bf8 52. Be3 Bc5 1/2-1/2

[Event "Lasker Memorial op-A 15th"]
[Site "Barlinek"]
[Date "2007.06.09"]
[Round "9"]
[White "Trifonov, Denis"]
[Black "Bronowicki, Mateusz"]
[Result "0-1"]
[WhiteElo "2291"]
[BlackElo "2313"]
[PlyCount "118"]
[EventDate "2007.06.02"]
[EventType "swiss"]
[EventRounds "10"]
[EventCountry "POL"]
[SourceTitle "CBM 118 Extra"]
[Source "ChessBase"]
[SourceDate "2007.07.04"]
[SourceVersion "1"]
[SourceVersionDate "2007.07.04"]
[SourceQuality "1"]

1. g3 Nf6 2. Bg2 c5 3. e4 d5 4. exd5 Bg4 5. f3 Qxd5 6. Nc3 Qe5+ 7. Nge2 Bd7 8. d3 g6 9. Bf4 Qe6 10. Qd2 Bg7 11. Be3 Na6 12. d4 Nb4 13. Ne4 Nxe4 14. fxe4 Qc4 15. Rc1 Bg4 16. a3 Nc6 17. c3 Rd8 18. Nf4 Ne5 19. Kf2 g5 20. Bf1 gxf4 21. Bxc4 Nxc4 22. Qd3 fxe3+ 23. Kg2 Bf3+ 24. Kh3 Rd6 25. g4 Bxg4+ 26. Kh4 Bf6+ 27. Kxg4 Ne5+ 28. dxe5 Rxd3 29. exf6 exf6 30. Kf3 Ke7 31. Rce1 Rg8 32. Rxe3 Rd2 33. b4 Rgg2 34. Rf1 c4 35. h3 h5 36. Kf4 Ke6 37. Rff3 Ra2 38. Re1 Rxa3 39. e5 f5 40. Rd1 Rc2 41. Rd6+ Ke7 42. Kxf5 Rcxc3 43. Rf4 Rf3 44. Rdd4 b5 45. Rd5 a6 46. Rc5 Rxf4+ 47. Kxf4 Rxh3 48. Rc7+ Ke8 49. Ke4 Rb3 50. Kd5 Rd3+ 51. Kc5 h4 52. Rc8+ Ke7 53. Kb6 Ra3 54. Kc5 Ke6 55. Kd4 Kf5 56. Rh8 Rd3+ 57. Kc5 h3 58. Rh5+ Kf4 59. Kb6 c3 0-1

[Event "Lasker Memorial op-A 15th"]
[Site "Barlinek"]
[Date "2007.06.08"]
[Round "8"]
[White "Orzech, Dominik"]
[Black "Trifonov, Denis"]
[Result "0-1"]
[WhiteElo "2335"]
[BlackElo "2291"]
[PlyCount "90"]
[EventDate "2007.06.02"]
[EventType "swiss"]
[EventRounds "10"]
[EventCountry "POL"]
[SourceTitle "CBM 118 Extra"]
[Source "ChessBase"]
[SourceDate "2007.07.04"]
[SourceVersion "1"]
[SourceVersionDate "2007.07.04"]
[SourceQuality "1"]

1. d4 Nf6 2. Nf3 c5 3. c4 cxd4 4. Nxd4 e5 5. Nb5 d6 6. N1c3 a6 7. Na3 Be6 8. g3 d5 9. cxd5 Nxd5 10. Bg2 Nxc3 11. Qxd8+ Kxd8 12. bxc3 Kc7 13. 0-0 Nc6 14. f4 Rd8 15. f5 Bxa3 16. Bxa3 Bc4 17. Bc5 Bxe2 18. Rf2 Bd3 19. f6 g6 20. Rb2 b5 21. a4 e4 22. axb5 axb5 23. Rba2 Rd5 24. Be3 g5 25. Bh3 Bc4 26. Ra8 Rxa8 27. Rxa8 Ne5 28. Rc8+ Kb7 29. Re8 Rd1+ 30. Kf2 Nd3+ 31. Kg2 Ne1+ 32. Kf2 Nd3+ 33. Kg2 Re1 34. Re7+ Kc6 35. Bd7+ Kd6 36. Bxg5 e3 37. Bc8 e2 38. Bd2 Bd5+ 39. Kh3 Nf2+ 40. Kh4 Rh1 41. Bf4+ Kc5 42. Rxe2 Rxh2+ 43. Kg5 h6+ 44. Kf5 Rh5+ 45. Bg5 Rxg5+ 0-1

[Event "Lasker Memorial op-A 15th"]
[Site "Barlinek"]
[Date "2007.06.07"]
[Round "6"]
[White "Gasik, Anna"]
[Black "Trifonov, Denis"]
[Result "0-1"]
[WhiteElo "2200"]
[BlackElo "2291"]
[PlyCount "62"]
[EventDate "2007.06.02"]
[EventType "swiss"]
[EventRounds "10"]
[EventCountry "POL"]
[SourceTitle "CBM 118 Extra"]
[Source "ChessBase"]
[SourceDate "2007.07.04"]
[SourceVersion "1"]
[SourceVersionDate "2007.07.04"]
[SourceQuality "1"]

1. e4 c5 2. Nf3 Nc6 3. d4 cxd4 4. Nxd4 e5 5. Nb5 d6 6. c4 Be7 7. N1c3 a6 8. Na3 Be6 9. Nc2 Nf6 10. Be2 0-0 11. 0-0 Rc8 12. b3 b5 13. cxb5 axb5 14. Qd3 Qa5 15. Nxb5 d5 16. exd5 Nxd5 17. Bd2 Qa8 18. Nc3 Rfd8 19. Qg3 Nf4 20. Bxf4 exf4 21. Qf3 Qa5 22. Nb5 Qd2 23. Bd1 Bf6 24. Rb1 Ne5 25. Qe4 Bd5 26. Qf5 f3 27. g3 Be6 28. Qe4 Bh3 29. Ne3 Bxf1 30. Nxf1 Qxa2 31. b4 Nd3 0-1

[Event "Lasker Memorial op-A 15th"]
[Site "Barlinek"]
[Date "2007.06.07"]
[Round "7"]
[White "Trifonov, Denis"]
[Black "Czerwonski, Aleksander"]
[Result "1/2-1/2"]
[WhiteElo "2291"]
[BlackElo "2384"]
[PlyCount "61"]
[EventDate "2007.06.02"]
[EventType "swiss"]
[EventRounds "10"]
[EventCountry "POL"]
[SourceTitle "CBM 118 Extra"]
[Source "ChessBase"]
[SourceDate "2007.07.04"]
[SourceVersion "1"]
[SourceVersionDate "2007.07.04"]
[SourceQuality "1"]

1. Nf3 d5 2. g3 Nf6 3. Bg2 e6 4. c4 Be7 5. 0-0 0-0 6. d3 b6 7. b3 Bb7 8. Bb2 Nbd7 9. Nbd2 a5 10. Qc2 a4 11. e4 dxe4 12. dxe4 Nc5 13. e5 Nfe4 14. Nd4 Nxd2 15. Qxd2 Bxg2 16. Kxg2 Qc8 17. Qe2 Qb7+ 18. f3 Rfd8 19. Bc3 axb3 20. axb3 Bf8 21. Qc2 Na6 22. Rfd1 Nb4 23. Rxa8 Qxa8 24. Bxb4 Bxb4 25. Nb5 Rxd1 26. Qxd1 c6 27. Nd6 Qd8 28. f4 Kf8 29. Qh5 Bxd6 30. exd6 Qxd6 31. Qxh7 1/2-1/2

[Event "BLR-ch 71st"]
[Site "Minsk"]
[Date "2005.03.13"]
[Round "10"]
[White "Trifonov, Denis"]
[Black "Fedorov, Alexei"]
[Result "0-1"]
[WhiteElo "2347"]
[BlackElo "2603"]
[PlyCount "56"]
[EventDate "2005.03.04"]
[EventType "tourn"]
[EventRounds "13"]
[EventCountry "BLR"]
[EventCategory "9"]
[SourceTitle "CBM 106"]
[Source "ChessBase"]
[SourceDate "2005.06.06"]
[SourceVersion "1"]
[SourceVersionDate "2005.06.06"]
[SourceQuality "1"]

1. e4 c5 2. Nf3 d6 3. d4 cxd4 4. Nxd4 Nf6 5. Nc3 g6 6. Bc4 Bg7 7. h3 0-0 8. Bb3 a6 9. 0-0 b5 10. Re1 Bb7 11. a4 bxa4 12. Rxa4 Nbd7 13. f3 Nc5 14. Ra3 e6 15. Ba2 Qb6 16. Kh2 Nh5 17. Nce2 Rfd8 18. c3 d5 19. b4 Qc7+ 20. g3 dxe4 21. bxc5 exf3 22. Nf4 Nxf4 23. Bxf4 e5 24. Bg5 Rd7 25. Ra4 Qxc5 26. Rc4 Qd6 27. Qa4 exd4 28. Bf4 f2 0-1

[Event "BLR-ch 71st"]
[Site "Minsk"]
[Date "2005.03.11"]
[Round "8"]
[White "Kovalev, Andrei"]
[Black "Trifonov, Denis"]
[Result "1-0"]
[WhiteElo "2565"]
[BlackElo "2347"]
[PlyCount "167"]
[EventDate "2005.03.04"]
[EventType "tourn"]
[EventRounds "13"]
[EventCountry "BLR"]
[EventCategory "9"]
[SourceTitle "CBM 106"]
[Source "ChessBase"]
[SourceDate "2005.06.06"]
[SourceVersion "1"]
[SourceVersionDate "2005.06.06"]
[SourceQuality "1"]

1. e4 c5 2. Nf3 Nc6 3. Bb5 d6 4. 0-0 Bd7 5. Re1 Nf6 6. c3 a6 7. Bf1 Bg4 8. d3 g6 9. h3 Bxf3 10. Qxf3 Bg7 11. Qd1 e5 12. a3 0-0 13. b4 cxb4 14. axb4 d5 15. Qb3 d4 16. c4 Nd7 17. Na3 b6 18. Bd2 Qe7 19. Nc2 a5 20. Qa4 Rfc8 21. Reb1 Qd8 22. Qb5 Qc7 23. Be2 h5 24. g4 axb4 25. Bxb4 Rxa1 26. Rxa1 Nf6 27. Ra6 hxg4 28. hxg4 Nd7 29. Bd2 Bf8 30. g5 Rb8 31. Ra1 Nc5 32. Ne1 Be7 33. Bg4 Kg7 34. Rb1 Qd6 35. Qb2 Ra8 36. Kf1 Rh8 37. Qc2 Rh4 38. Bf3 Bd8 39. Bg2 Rh5 40. Nf3 Qd7 41. Ke2 Qg4 42. Rg1 Rh2 43. Bf1 Qh5 44. Bg2 Bc7 45. Qb1 Nd8 46. Rh1 Rxh1 47. Qxh1 Qxh1 48. Bxh1 Nde6 49. Bg2 Nb3 50. Bh3 Nxd2 51. Kxd2 Nf4 52. Bd7 Kf8 53. Bc8 Ke7 54. Bg4 Kd6 55. Bc8 Bd8 56. Bg4 Be7 57. Kc2 Bf8 58. Kd2 Bg7 59. Kc2 Ke7 60. Kd2 Kd6 61. Kc2 Nh5 62. Bxh5 gxh5 63. Kb3 Kc6 64. Kc2 b5 65. cxb5+ Kxb5 66. Kd2 Kb4 67. Nh4 Bf8 68. Nf5 Bc5 69. Nh6 h4 70. Ke2 Kc3 71. Nxf7 h3 72. Kf3 h2 73. Kg2 Kxd3 74. f3 Ke3 75. g6 Bf8 76. Nxe5 Kf4 77. Nd3+ Kg5 78. Kxh2 Kxg6 79. Kg3 Bd6+ 80. e5 Be7 81. Kf4 Kf7 82. Ke4 Kg6 83. Nf4+ Kf7 84. Kxd4 1-0

[Event "BLR-ch 71st"]
[Site "Minsk"]
[Date "2005.03.10"]
[Round "7"]
[White "Trifonov, Denis"]
[Black "Azarov, Sergei Nikolaevich"]
[Result "0-1"]
[WhiteElo "2347"]
[BlackElo "2565"]
[PlyCount "78"]
[EventDate "2005.03.04"]
[EventType "tourn"]
[EventRounds "13"]
[EventCountry "BLR"]
[EventCategory "9"]
[SourceTitle "CBM 106"]
[Source "ChessBase"]
[SourceDate "2005.06.06"]
[SourceVersion "1"]
[SourceVersionDate "2005.06.06"]
[SourceQuality "1"]

1. d4 Nf6 2. Bg5 Ne4 3. Bf4 c5 4. f3 Qa5+ 5. c3 Nf6 6. Nd2 cxd4 7. Nb3 Qd8 8. Qxd4 Nc6 9. Qd2 e5 10. Bg5 h6 11. Bxf6 Qxf6 12. e4 Be7 13. Bc4 Qg6 14. h4 h5 15. 0-0-0 d6 16. Ne2 Be6 17. Bxe6 fxe6 18. g3 0-0-0 19. c4 Kb8 20. Na5 Rc8 21. Nxc6+ Rxc6 22. b3 d5 23. Qb2 dxc4 24. Qxe5+ Ka8 25. Kb1 Bf6 26. Qb5 cxb3 27. axb3 Qe8 28. Qb4 Rb6 29. Qc4 Qe7 30. Rc1 Rb8 31. Rc3 Rc6 32. Qd3 Bxc3 33. Nxc3 Rd8 34. Qe3 Qa3 35. Na2 Ra6 36. Rh2 Rd1+ 37. Kc2 Qxa2+ 38. Kxd1 Qxh2 39. Qd4 Ra1+ 0-1